| 000 | 01074nam a2200325Ia 4500 | ||
|---|---|---|---|
| 005 | 20220317001723.0 | ||
| 008 | 170328s2016 c g 000 f s | ||
| 020 | _a9789588940632 | ||
| 041 | _aspa | ||
| 100 | 1 |
_aEco, Umberto _d1932-2016 |
|
| 245 | 1 | 0 |
_aBaudolino _cUmberto Eco ; traducción de Helena Lozano Miralles |
| 250 | _aQuinta edición | ||
| 300 |
_a637 páginas _c19 cm |
||
| 490 | _aContemporánea | ||
| 500 | _aIncluye datos biográficos del autor | ||
| 650 | 1 | 4 |
_2LEMB _aNovela italiana _ySiglo XX |
| 650 | 1 | 4 |
_2LEMB _aLiteratura italiana _ySiglo XX |
| 650 | 1 | 4 |
_2LEMB _aEdad media en la literatura |
| 650 | 1 | 4 |
_2LEMB _aFantasía en la literatura |
| 650 | 1 | 4 |
_2LEMB _aImaginación en la literatura |
| 650 | 1 | 4 |
_2LEMB _aHumor en la literatura |
| 700 | 1 |
_aLozano Miralles, Helena _etraductora _9100889 |
|
| 942 |
_2loc _cBKLIT |
||
| 264 |
_aBogotá _bDebolsillo _c2016 |
||
| 336 |
_atexto _btxt _2rdacontent |
||
| 337 |
_asin mediación _bn _2rdamedia |
||
| 338 |
_avolumen _bnc _2rdacarrier |
||
| 040 |
_aCO-BoRNBP _bspa _erda _cCO-BoRNBP |
||
| 084 | _aN ECO1 | ||
| 999 |
_c7855 _d7855 |
||